| 000 | 00608nam a22001937a 4500 | ||
|---|---|---|---|
| 999 |
_c14576 _d14576 |
||
| 003 | AR-CdUCM | ||
| 008 | 190423b ||||| |||| 00| 0 spa d | ||
| 020 | _a978-607-16-2662-2 | ||
| 040 |
_aMUNICIPALIDAD PROVINCIAL DEL CUSCO _cBIBLIOTECA MUNICIPAL DEL CUSCO |
||
| 082 |
_aPI / 376.1 / _bM79 |
||
| 100 |
_aMoriconi, Renato _933406 |
||
| 245 | _aBarbaro / | ||
| 260 |
_aMéxico, D. F : _bFondo de cultura económica, _c2015. |
||
| 300 |
_a37 páginas ; _bIlustraciones, _c32 cm. |
||
| 650 |
_aLiteratura infantil _9588 |
||
| 650 |
_aCuento infantil _93319 |
||
| 942 |
_2ddc _cLIBROS |
||
| 945 |
_aacv _d2019-04-23 |
||